Por qué leer los clásicos /

Colección de ensayos en que Italo Calvino hace un acercamiento los textos que para él eran clásicos, según las definiciones que da en el primer capítulo. A través de los diferentes capítulos, va develando las huellas que le dejaron tras su lectura, las sorpresas que se llevó al leerlos o releerlos,...

Olles dieđut

Furkejuvvon:
Bibliográfalaš dieđut
Váldodahkki: Calvino, Italo (autor)
Eará dahkkit: Bernárdez, Aurora (traducción) (traducción)
Materiálatiipa: Girji
Giella:espánnjágiella
Almmustuhtton: México : Tusquets, 1993, c1993
Ráidu:(Marginales ; 122)
Fáttát:
Fáddágilkorat: Lasit fáddágilkoriid
Eai fáddágilkorat, Lasit vuosttaš fáddágilkora!

MARC

LEADER 00000nam^a2200000^a^4500
001 000391240
005 20250521000000.0
009 20260310121210.311
020 |a 84-7223-499-1 
025 |a Donación sin dato, 1 ejemplar 
037 |a Acervo Xavier Clavigero 
041 |a ESP 
082 |a 854.  |b CAL 
100 |a Calvino, Italo  |e (autor) 
245 1 0 |a Por qué leer los clásicos /  |c I. Calvino ; tr. por A. Bernárdez. 
264 4 |a México :  |b Tusquets,  |c 1993, c1993 
300 |a 278 p. 
336 |a texto  |b txt  |2 rdacontenido 
337 |a sin mediación  |b n  |2 rdamedio 
338 |a volumen  |b nc  |2 rdasoporte 
440 1 |a (Marginales ;  |v 122) 
500 |a Traducción de: Perché leggere i classici 
520 |a Colección de ensayos en que Italo Calvino hace un acercamiento los textos que para él eran clásicos, según las definiciones que da en el primer capítulo. A través de los diferentes capítulos, va develando las huellas que le dejaron tras su lectura, las sorpresas que se llevó al leerlos o releerlos, así como los prejuicios que le impedían acercarse a algunos de ellos, entre otras razones por la que recomienda la lectura de los clásicos. 
545 0 |a Italo Calvino (1923-1985) es uno de los principales escritores e intelectuales de lengua italiana del siglo XX. Nacido en La Habana, en Italia participó en la Resistencia durante la Segunda Guerra Mundial y posteriormente fue militante del Partido Comunista. Se reconocen en la producción literaria de Calvino varias etapas o adhesiones a corrientes literarias, si bien su obra, en general, siempre manifestó el interés del autor por la condición del hombre contemporáneo y el contraste entre naturaleza y progreso; iniciado en el neorrealismo de la primera posguerra, pasó después a escribir narraciones fantásticas que podían tener diversas interpretaciones; más adelante se identificó con la neo-vanguardia, para después escribir novelas sociológicas, psicológicas e ideológicas; hacia el final de su vida escribió ciencia-ficción y entró en su "época combinatoria", cercana a la estética del grupo Oulipo. Entre sus numerosas obras narrativas destacan: El vizconde demediado, El barón rampante, El caballero inexistente, La jornada de un interventor electoral, Las cosmicómicas, Tiempo cero, Las ciudades invisibles, El castillo de los destinos cruzados, Si una noche de invierno un viajero, Palomar, Marcovaldo (libro para niños), Bajo el sol jaguar, Los amores difíciles, Por último, el cuervo. Su obra ensayística y de crítica literaria se encuentra reunida en los volúmenes Punto y aparte, Colección Arena, Seis propuestas para el próximo milenio y Por qué leer los clásicos. 
586 |a Premio Nobel de Literatura 1954: Biografías, crítica e interpretación 
586 |a Premio Nobel de Literatura 1958 (rechazado por el autor bajo presión del gobierno de la Unión Soviética): Biografías, crítica e interpretación 
586 |a Premio Nobel de Literatura 1975: Biografías, crítica e interpretación 
586 |a Premio Miguel de Cervantes 1979, ex aequo: Biografías, crítica e interpretación 
649 |a XX 
650 |a Ensayos Italianos 
650 |a Literatura Italiana -  |y Siglo XX 
650 |a Literatura -  |x Historia y Crítica 
650 |a Ciencia -  |x Historia 
650 |a Economía -  |x Historia 
650 |a Ariosto, Ludovico 
650 |a Balzac, Honoré de 
650 |a Borges, Jorge Luis 
650 |a Cardano, Gerolamo 
650 |a Cyrano de Bergerac 
650 |a Defoe, Daniel 
650 |a Dickens, Charles 
650 |a Diderot, Denis 
650 |a Flaubert, Gustave 
650 |a Gadda, Carlo Emilio 
650 |a Galilei, Galileo 
650 |a Hemingway, Ernest 
650 |a Homero 
650 |a James, Henry 
650 |a Jenofonte 
650 |a Martorell, Joanot 
650 |a Montale, Eugenio 
650 |a Ortes, Giammaria 
650 |a Ovidio Nasón, Publio 
650 |a Pasternak, Boris 
650 |a Pavese, Cesare 
650 |a Ponge, Francis 
650 |a Queneau, Raymond 
650 |a Stevenson, Robert Louis 
650 |a Tolstoi, León 
600 |a Conrad, Joseph 
600 |a Stendhal 
600 |a Twain, Mark 
600 |a Voltaire 
700 |a Bernárdez, Aurora  |e (traducción) 
910 |a Fondo General 
920 |a Impresos - Libros 
930 |a Colección General 
940 |a Literatura 
905 |a 101 
901 |a 045090  |b IT1  |c LIT  |u 20250521 
902 |a https://opac.biblio.iteso.mx/vufind/Record/000391240